Länder mit den meisten EM-Teilnahmen in Folge - Statistiken

Allgemein
  • Dieses Quiz wurde 108 mal gespielt
  • Das Durchschnittsergebnis liegt bei 12 aus 13
Antwortstatistiken
# Bestes Ergebnis
in der Folge
Land % Korrekt
14 Europameister Deutschland
100%
8 Europameister Spanien
100%
9 Europameister Frankreich
99%
8 Europameister Portugal
99%
8 Europameister Italien
98%
5 Halbfinale England
94%
7 Europameister Niederlande
94%
6 Viertelfinale Kroatien
91%
6 Europameister Dänemark
86%
5 Viertelfinale Polen
84%
6 Viertelfinale Schweden
84%
8 Vize-Europameister Tschechien
75%
5 Halbfinale Russland
74%
Keine übereinstimmenden Quizze gefunden
Verteilung der Resultate
Anzahl Personen mit jedem Resultat
Perzentil nach korrekt beantworteten Fragen
Ihre Resultats-Entwicklung
Sie haben dieses Quiz noch nicht gespielt